[Event "Benedictine International 6th"]
[Site "Manchester"]
[Date "1983.09.13"]
[Round "7"]
[White "Bass, Leonid"]
[Black "Lane, Gary William"]
[Result "1-0"]
[WhiteElo "2460"]
[BlackElo "2270"]
[PlyCount "45"]
[EventDate "1983.09.07"]
[EventType "swiss"]
[EventRounds "9"]
[EventCountry "ENG"]
[SourceTitle "BritBase"]
[Source "John Saunders"]
[SourceDate "2020.09.07"]
[SourceVersion "1"]
[SourceVersionDate "2020.09.07"]
[SourceQuality "2"]

1. d4 f5 2. Bg5 g6 3. h4 Bg7 4. e4 fxe4 5. h5 c5 6. dxc5 Bxb2 7. Nd2 Qc7 8. Rb1
Qe5 9. Nh3 Bc3 10. Bf4 Qf6 11. Qe2 Na6 12. Rb5 Nb4 13. Qxe4 d5 14. cxd6 Bf5 15.
Qxb7 Nxc2+ 16. Kd1 Rd8 17. Rxf5 gxf5 18. Kxc2 Bxd2 19. Kxd2 Kf8 20. Bd3 h6 21.
Re1 exd6 22. Be3 Ne7 23. Bd4 {Source: Bulletin 1983 & BCM, Nov 1983, p485} 1-0

[Event "Benedictine International 6th"]
[Site "Manchester"]
[Date "1983.09.13"]
[Round "7"]
[White "Ciric, Dragoljub M"]
[Black "Tisdall, Jonathan D"]
[Result "1/2-1/2"]
[WhiteElo "2410"]
[BlackElo "2420"]
[PlyCount "41"]
[EventDate "1983.09.07"]
[EventType "swiss"]
[EventRounds "9"]
[EventCountry "ENG"]
[SourceTitle "BritBase"]
[Source "John Saunders"]
[SourceDate "2020.09.07"]
[SourceVersion "1"]
[SourceVersionDate "2020.09.07"]
[SourceQuality "2"]

1. e4 c5 2. Nf3 e6 3. d4 cxd4 4. Nxd4 Nf6 5. Nc3 Nc6 6. g3 d6 7. Bg2 Bd7 8. O-O
Be7 9. Nce2 O-O 10. c4 a6 11. b3 Rc8 12. Bb2 b5 13. cxb5 Nxd4 14. Nxd4 axb5 15.
a3 Qb6 16. Qd2 Rfd8 17. Bc3 Qa7 18. Ba5 Re8 19. Bb4 e5 20. Ne2 Bc6 21. Nc3 {
Source: Bulletin 1983} 1/2-1/2

[Event "Benedictine International 6th"]
[Site "Manchester"]
[Date "1983.09.13"]
[Round "7"]
[White "De Boer, Gert Jan"]
[Black "Bilek, Istvan"]
[Result "1/2-1/2"]
[WhiteElo "2330"]
[BlackElo "2405"]
[PlyCount "86"]
[EventDate "1983.09.07"]
[EventType "swiss"]
[EventRounds "9"]
[EventCountry "ENG"]
[SourceTitle "BritBase"]
[Source "John Saunders"]
[SourceDate "2020.09.07"]
[SourceVersion "1"]
[SourceVersionDate "2020.09.07"]
[SourceQuality "2"]

1. d4 g6 2. Nf3 Bg7 3. e4 c5 4. d5 b5 5. a4 b4 6. Bc4 d6 7. O-O Nf6 8. Re1 O-O
9. h3 Nbd7 10. a5 Ne8 11. Qd3 Rb8 12. Ra2 Nc7 13. Bf4 f6 14. Nbd2 Qe8 15. Qe3
Ne5 16. Bf1 Nf7 17. c4 e5 18. dxe6 Nxe6 19. Bh2 Qe7 20. Nb3 Bh6 21. Qe2 Ne5 22.
Nfd2 Ba6 23. Raa1 Rbd8 24. g3 Nc6 25. f4 Ned4 26. Nxd4 Nxd4 27. Qd1 Bb7 28. Bg2
Qf7 29. b3 Rfe8 30. Kh1 Bg7 31. Bg1 f5 32. a6 Bc6 33. Ra2 Re7 34. Bxd4 Bxd4 35.
exf5 Qxf5 36. Kh2 Bxg2 37. Kxg2 Rde8 38. Rxe7 Rxe7 39. Nf3 Qe4 40. Kh2 Qe3 41.
Rd2 Re4 42. h4 h6 43. Kh3 Kf7 {Source: Bulletin 1983} 1/2-1/2

[Event "Benedictine International 6th"]
[Site "Manchester"]
[Date "1983.09.13"]
[Round "7"]
[White "Gutman, Lev"]
[Black "Hebert, Jean"]
[Result "1-0"]
[WhiteElo "2440"]
[BlackElo "2430"]
[PlyCount "89"]
[EventDate "1983.09.07"]
[EventType "swiss"]
[EventRounds "9"]
[EventCountry "ENG"]
[SourceTitle "BritBase"]
[Source "John Saunders"]
[SourceDate "2020.09.07"]
[SourceVersion "1"]
[SourceVersionDate "2020.09.07"]
[SourceQuality "2"]

1. Nf3 Nf6 2. g3 g6 3. Bg2 Bg7 4. O-O O-O 5. c4 d6 6. d4 Nc6 7. h3 a6 8. Be3
Rb8 9. Qc1 e5 10. Rd1 Bd7 11. dxe5 dxe5 12. Nc3 Re8 13. Kh2 Qc8 14. b3 Bf5 15.
Bh6 e4 16. Bxg7 Kxg7 17. Nd4 Ne5 18. Qf4 Bd7 19. Nd5 Nxd5 20. cxd5 e3 21. fxe3
f6 22. Rac1 b6 23. b4 Qd8 24. e4 Rc8 25. a3 Qe7 26. Rc3 Qd6 27. Rf1 Rf8 28. Nf3
Rfe8 29. Rfc1 h5 30. Nxe5 Rxe5 31. h4 g5 32. hxg5 fxg5 33. Qf2 Bb5 34. Rf1 Be8
35. Rf3 Bg6 36. Rf7+ Kh6 37. Rf6 Qe7 38. Qd4 Rd8 39. Rc6 a5 40. Rff6 Rd6 41.
Rfxd6 cxd6 42. Qxb6 Bxe4 43. Rxd6+ Kg7 44. Rc6 Qe8 45. Rc7+ {Source: Bulletin
1983} 1-0

[Event "Benedictine International 6th"]
[Site "Manchester"]
[Date "1983.09.13"]
[Round "7"]
[White "Hebden, Mark L"]
[Black "Ravikumar, Vaidyanathan"]
[Result "1-0"]
[WhiteElo "2495"]
[BlackElo "2390"]
[PlyCount "55"]
[EventDate "1983.09.07"]
[EventType "swiss"]
[EventRounds "9"]
[EventCountry "ENG"]
[SourceTitle "BritBase"]
[Source "John Saunders"]
[SourceDate "2020.09.07"]
[SourceVersion "1"]
[SourceVersionDate "2020.09.07"]
[SourceQuality "2"]

1. e4 c6 2. d4 d5 3. exd5 cxd5 4. c4 Nf6 5. Nc3 g6 6. Qb3 Bg7 7. cxd5 O-O 8.
Be2 Nbd7 9. Bf3 Nb6 10. Bg5 Bf5 11. Rd1 Qd7 12. h3 h5 13. Nge2 Rfd8 14. Bxf6
Bxf6 15. Ng3 Rac8 16. O-O Rc4 17. d6 Rxd4 18. dxe7 Qxe7 19. Nxf5 gxf5 20. Bxh5
Kg7 21. Bf3 Nc4 22. Rxd4 Rxd4 23. Ne2 Rh4 24. Ng3 Kg6 25. Nxf5 Kxf5 26. Bg4+
Kg6 27. Qxc4 Bxb2 28. Qc2+ {Source: Bulletin 1983} 1-0

[Event "Benedictine International 6th"]
[Site "Manchester"]
[Date "1983.09.13"]
[Round "7"]
[White "Hodgson, Julian M"]
[Black "Gelpke, Peter"]
[Result "1-0"]
[WhiteElo "2385"]
[BlackElo "2280"]
[PlyCount "68"]
[EventDate "1983.09.07"]
[EventType "swiss"]
[EventRounds "9"]
[EventCountry "ENG"]
[SourceTitle "BritBase"]
[Source "John Saunders"]
[SourceDate "2020.09.07"]
[SourceVersion "1"]
[SourceVersionDate "2020.09.07"]
[SourceQuality "2"]

1. Nf3 Nf6 2. b3 g6 3. Bb2 Bg7 4. e3 d6 5. Be2 O-O 6. c4 Nbd7 7. d4 c6 8. Nc3
e5 9. Qc2 Re8 10. O-O-O Qc7 11. h3 a6 12. g4 h6 13. Rhg1 b5 14. dxe5 dxe5 15.
h4 b4 16. Na4 c5 17. g5 hxg5 18. hxg5 Nh7 19. Bd3 Nb6 20. Nxb6 Qxb6 21. Be4 Ra7
22. Rd2 Qc7 23. Qd3 Qa5 24. Bc6 e4 25. Qd6 Bxb2+ 26. Kxb2 Rf8 27. Ne5 Bf5 28.
Ng4 Bxg4 29. Rxg4 Rc8 30. Bxe4 Nf8 31. Qh2 Rd8 32. Bd5 Ne6 33. Qh6 Qa3+ 34. Kb1
Ng7 {Source: Bulletin 1983} 1-0

[Event "Benedictine International 6th"]
[Site "Manchester"]
[Date "1983.09.13"]
[Round "7"]
[White "Ivkov, Borislav"]
[Black "Plaskett, H James"]
[Result "0-1"]
[WhiteElo "2465"]
[BlackElo "2425"]
[PlyCount "126"]
[EventDate "1983.09.07"]
[EventType "swiss"]
[EventRounds "9"]
[EventCountry "ENG"]
[SourceTitle "BritBase"]
[Source "John Saunders"]
[SourceDate "2020.09.07"]
[SourceVersion "1"]
[SourceVersionDate "2020.09.07"]
[SourceQuality "2"]

1. Nf3 Nf6 2. c4 e6 3. g3 a6 4. Bg2 b5 5. b3 Bb7 6. Bb2 Be7 7. O-O O-O 8. d3
bxc4 9. bxc4 c5 10. Nbd2 d6 11. Rb1 Qc7 12. Bc3 Nc6 13. Qa4 Nd7 14. Rb2 a5 15.
Rfb1 Ra7 16. Ne1 Ba8 17. Nc2 Nb4 18. Na3 Bxg2 19. Kxg2 Nb6 20. Qb3 d5 21. Nf3
dxc4 22. dxc4 Qc6 23. Rd2 Qe4 24. Rbd1 Rb7 25. Kg1 f6 26. Rc1 Qc6 27. Ba1 e5
28. Nh4 g6 29. Ng2 Qe6 30. Ne3 a4 31. Qd1 Rd7 32. Rxd7 Qxd7 33. Qxd7 Nxd7 34.
Nd5 Kf7 35. Nc3 Nb6 36. Nc2 Rd8 37. Ne3 a3 38. Rb1 Rd2 39. Nf1 Rd8 40. Ne3 f5
41. f4 exf4 42. gxf4 Rd2 43. Nf1 Rd7 44. Nb5 Nxc4 45. Rc1 Nd6 46. Nxa3 Ra7 47.
Bb2 Bf6 48. Bxf6 Rxa3 49. Be5 Ne4 50. Ng3 Nxa2 51. Rc4 Nac3 52. Bxc3 Nxc3 53.
Rxc5 h5 54. Rc7+ Ke8 55. Rc8+ Kd7 56. Rg8 h4 57. Rxg6 hxg3 58. hxg3 Ne4 59. Kh2
Nf2 60. Kg2 Ng4 61. Rb6 Re3 62. Kh3 Rxe2 63. Rb5 Rh2# {Source: Bulletin 1983}
0-1

[Event "Benedictine International 6th"]
[Site "Manchester"]
[Date "1983.09.13"]
[Round "7"]
[White "Kraidman, Yair"]
[Black "Bjerring, Kai"]
[Result "1-0"]
[WhiteElo "2410"]
[BlackElo "2310"]
[PlyCount "80"]
[EventDate "1983.09.07"]
[EventType "swiss"]
[EventRounds "9"]
[EventCountry "ENG"]
[SourceTitle "BritBase"]
[Source "John Saunders"]
[SourceDate "2020.09.07"]
[SourceVersion "1"]
[SourceVersionDate "2020.09.07"]
[SourceQuality "2"]

1. d4 c5 2. d5 e6 3. c4 b5 4. cxb5 a6 5. e4 axb5 6. Bxb5 Qa5+ 7. Nc3 Nf6 8. Qe2
exd5 9. exd5+ Kd8 10. Nf3 d6 11. O-O Ba6 12. Bg5 Be7 13. Rfe1 Ra7 14. a4 Bxb5
15. Nxb5 Rd7 16. Qc4 Na6 17. Bd2 Qb6 18. Bc3 Ne8 19. Nd2 Bf6 20. Ne4 Bxc3 21.
bxc3 Qb7 22. Rab1 Qa8 23. Re2 h6 24. Reb2 Rf8 25. Ng3 f5 26. Qh4+ Rf6 27. Nxf5
Qxd5 28. Ne3 Qe6 29. c4 g5 30. Qg4 Nb4 31. h3 Qe5 32. Rxb4 cxb4 33. Nd5 Qf5 34.
Qxf5 Rxf5 35. Nd4 Rff7 36. Ne6+ Kc8 37. Nb6+ Kb7 38. Rxb4 Ka6 39. Nxd7 Rxd7 40.
Rb8 Re7 {Source: Bulletin 1983} 1-0

[Event "Benedictine International 6th"]
[Site "Manchester"]
[Date "1983.09.13"]
[Round "7"]
[White "Lawton, Geoffrey W"]
[Black "Condie, Mark L"]
[Result "1-0"]
[WhiteElo "2380"]
[BlackElo "2340"]
[PlyCount "73"]
[EventDate "1983.09.07"]
[EventType "swiss"]
[EventRounds "9"]
[EventCountry "ENG"]
[SourceTitle "BritBase"]
[Source "John Saunders"]
[SourceDate "2020.09.07"]
[SourceVersion "1"]
[SourceVersionDate "2020.09.07"]
[SourceQuality "2"]

1. e4 c5 2. Nf3 e6 3. d4 cxd4 4. Nxd4 Nf6 5. Bd3 d6 6. O-O a6 7. c4 b6 8. Nc3
Bb7 9. Be3 Nbd7 10. Rc1 Be7 11. f3 O-O 12. b3 Re8 13. Qd2 Bf8 14. Rfd1 Qc7 15.
Qf2 Rac8 16. Bf1 Qb8 17. Kh1 g6 18. Nde2 Ba8 19. Nd4 Ne5 20. Qh4 Bg7 21. Bh6
Bh8 22. Bg5 Nfd7 23. f4 Nc6 24. Nxc6 Rxc6 25. e5 Qc7 26. Ne4 dxe5 27. fxe5 Nxe5
28. Nf6+ Bxf6 29. Bxf6 h5 30. Be2 Nd7 31. Rxd7 Qxd7 32. Bxh5 Qd2 33. Bd1 Qxg2+
34. Kxg2 Rxc4+ 35. Kg3 Rxh4 36. Kxh4 Bd5 37. Kg5 {Source: Bulletin 1983} 1-0

[Event "Benedictine International 6th"]
[Site "Manchester"]
[Date "1983.09.13"]
[Round "7"]
[White "Razuvaev, Yuri S"]
[Black "Tarjan, James Edward"]
[Result "1-0"]
[WhiteElo "2525"]
[BlackElo "2535"]
[PlyCount "97"]
[EventDate "1983.09.07"]
[EventType "swiss"]
[EventRounds "9"]
[EventCountry "ENG"]
[SourceTitle "BritBase"]
[Source "John Saunders"]
[SourceDate "2020.09.07"]
[SourceVersion "1"]
[SourceVersionDate "2020.09.07"]
[SourceQuality "2"]

1. d4 Nf6 2. c4 e6 3. Nf3 b6 4. g3 Bb7 5. Bg2 Be7 6. Nc3 Ne4 7. Bd2 O-O 8. d5
Nxc3 9. Bxc3 Bf6 10. Rc1 Bxc3+ 11. Rxc3 a5 12. O-O Na6 13. Ne5 Nc5 14. dxe6
dxe6 15. Bxb7 Nxb7 16. Nd7 Re8 17. c5 Nxc5 18. Nxc5 Qxd1 19. Rxd1 bxc5 20. Rxc5
Reb8 21. Rd2 Rb7 22. Rxa5 Rbb8 23. Rxa8 Rxa8 24. a3 g5 25. Rc2 Ra7 26. Rc5 h6
27. Kg2 Kf8 28. Kf3 Ke7 29. Kg4 Rb7 30. b4 Ra7 31. Rc3 f5+ 32. Kh5 Kf6 33. h3
Kg7 34. g4 Kf6 35. e3 fxg4 36. hxg4 Ra8 37. f4 Rd8 38. Rc1 Rd3 39. Kxh6 gxf4
40. g5+ Kf5 41. exf4 Rxa3 42. Rxc7 Kxf4 43. g6 Kf5 44. Rf7+ Ke5 45. g7 Rh3+ 46.
Kg6 Rg3+ 47. Kh7 Rh3+ 48. Kg8 Ra3 49. Rf1 {Source: Bulletin 1983} 1-0

[Event "Benedictine International 6th"]
[Site "Manchester"]
[Date "1983.09.13"]
[Round "7"]
[White "Short, Nigel D"]
[Black "Martin, Andrew D"]
[Result "1-0"]
[WhiteElo "2475"]
[BlackElo "2345"]
[PlyCount "61"]
[EventDate "1983.09.07"]
[EventType "swiss"]
[EventRounds "9"]
[EventCountry "ENG"]
[SourceTitle "BritBase"]
[Source "John Saunders"]
[SourceDate "2020.09.07"]
[SourceVersion "1"]
[SourceVersionDate "2020.09.07"]
[SourceQuality "2"]

1. e4 c5 2. Nf3 d6 3. d4 cxd4 4. Nxd4 Nf6 5. Nc3 e6 6. g4 Nc6 7. g5 Nd7 8. Be3
Be7 9. h4 O-O 10. Rg1 a6 11. h5 Nxd4 12. Qxd4 Ne5 13. Be2 Nc6 14. Qd2 b5 15. f4
b4 16. Nd1 d5 17. e5 Bb7 18. b3 Qa5 19. Nb2 Bc5 20. Bg4 Ne7 21. Bxc5 Qxc5 22.
O-O-O a5 23. g6 hxg6 24. hxg6 f5 25. Na4 Qc7 26. Bf3 Ba6 27. Qh2 Rfd8 28. Rh1
Kf8 29. Qh8+ Ng8 30. Rd2 Bb5 31. Rdh2 {Source: Bulletin 1983} 1-0

[Event "Benedictine International 6th"]
[Site "Manchester"]
[Date "1983.09.13"]
[Round "7"]
[White "Tangborn, Eric"]
[Black "Knox, Victor W"]
[Result "1-0"]
[WhiteElo "2290"]
[BlackElo "2320"]
[PlyCount "55"]
[EventDate "1983.09.07"]
[EventType "swiss"]
[EventRounds "9"]
[EventCountry "ENG"]
[SourceTitle "BritBase"]
[Source "John Saunders"]
[SourceDate "2020.09.07"]
[SourceVersion "1"]
[SourceVersionDate "2020.09.07"]
[SourceQuality "2"]

1. c4 e5 2. Nc3 Nc6 3. g3 g6 4. Bg2 Bg7 5. Rb1 Nf6 6. b4 O-O 7. d3 d6 8. Nf3
Nh5 9. b5 Nd4 10. Nxd4 exd4 11. Nd5 Re8 12. O-O Bg4 13. Re1 Qd7 14. Qc2 c6 15.
bxc6 bxc6 16. Nb4 Rac8 17. Qa4 Rxe2 18. Rxe2 Bxe2 19. Bxc6 Qh3 20. Bg2 Qf5 21.
Be4 Qg4 22. Nd5 Rf8 23. Qxa7 Bd1 24. Rb8 f5 25. Ne7+ Kh8 26. Rxf8+ Bxf8 27. Qb8
Kg7 28. Bh6+ {Source: Bulletin 1983} 1-0

[Event "Benedictine International 6th"]
[Site "Manchester"]
[Date "1983.09.13"]
[Round "7"]
[White "Thipsay, Praveen Mahadeo"]
[Black "Kudrin, Sergey"]
[Result "0-1"]
[WhiteElo "2425"]
[BlackElo "2510"]
[PlyCount "64"]
[EventDate "1983.09.07"]
[EventType "swiss"]
[EventRounds "9"]
[EventCountry "ENG"]
[SourceTitle "BritBase"]
[Source "John Saunders"]
[SourceDate "2020.09.07"]
[SourceVersion "1"]
[SourceVersionDate "2020.09.07"]
[SourceQuality "2"]

1. e4 c5 2. Nf3 d6 3. d4 cxd4 4. Nxd4 Nf6 5. Nc3 g6 6. Be3 Bg7 7. Be2 O-O 8.
O-O Nc6 9. Nb3 Be6 10. f4 Qc8 11. Kh1 Rd8 12. Bg1 b6 13. Qe1 Rb8 14. Rd1 a6 15.
Bf3 Bc4 16. Rf2 b5 17. Nd5 e6 18. Nxf6+ Bxf6 19. c3 e5 20. f5 gxf5 21. Bg4 Ne7
22. Bxf5 Nxf5 23. Rxf5 Bg7 24. Qg3 Kh8 25. Be3 f6 26. Qh4 Qc7 27. Rh5 Bg8 28.
Rf1 Rf8 29. Rf3 Rf7 30. Bh6 Bxh6 31. Rxh6 Rbf8 32. Rhxf6 Qe7 {a strange ending,
but the bulletin makes no mention of a loss on time (Source: Bulletin 1983)}
0-1

[Event "Benedictine International 6th"]
[Site "Manchester"]
[Date "1983.09.14"]
[Round "8"]
[White "Hebden, Mark L"]
[Black "Razuvaev, Yuri S"]
[Result "1-0"]
[WhiteElo "2495"]
[BlackElo "2525"]
[PlyCount "79"]
[EventDate "1983.09.07"]
[EventType "swiss"]
[EventRounds "9"]
[EventCountry "ENG"]
[SourceTitle "BritBase"]
[Source "John Saunders"]
[SourceDate "2020.09.07"]
[SourceVersion "1"]
[SourceVersionDate "2020.09.07"]
[SourceQuality "2"]

1. e4 c5 2. f4 e6 3. Nf3 Nc6 4. Nc3 Nge7 5. d4 Nxd4 6. Nxd4 cxd4 7. Qxd4 Nc6 8.
Qf2 b6 9. Be3 Bb4 10. Bd3 O-O 11. O-O Bxc3 12. bxc3 Bb7 13. Rad1 f6 14. Rd2 Qe7
15. Rfd1 Rad8 16. Qe2 d6 17. Bf2 Na5 18. Bb5 Ba8 19. e5 fxe5 20. fxe5 Qg5 21.
Bg3 d5 22. Rd4 Rc8 23. Bh4 Qh6 24. Be7 Rf5 25. Rh4 Qg6 26. Bd3 Rxc3 27. Bxf5
exf5 28. Bb4 Rc8 29. Bxa5 bxa5 30. e6 Re8 31. Re1 Qf6 32. Rxh7 Qd4+ 33. Kh1 Qg4
34. Qxg4 fxg4 35. Rh4 Bb7 36. Rxg4 Bc8 37. Ra4 Bxe6 38. Kg1 Kf7 39. Rxa5 Re7
40. Ra6 {Source: Bulletin 1983} 1-0

[Event "Benedictine International 6th"]
[Site "Manchester"]
[Date "1983.09.14"]
[Round "8"]
[White "Hebert, Jean"]
[Black "Lawton, Geoffrey W"]
[Result "1-0"]
[WhiteElo "2430"]
[BlackElo "2380"]
[PlyCount "53"]
[EventDate "1983.09.07"]
[EventType "swiss"]
[EventRounds "9"]
[EventCountry "ENG"]
[SourceTitle "BritBase"]
[Source "John Saunders"]
[SourceDate "2020.09.07"]
[SourceVersion "1"]
[SourceVersionDate "2020.09.07"]
[SourceQuality "2"]

1. e4 d6 2. d4 Nf6 3. Nc3 g6 4. Nf3 Bg7 5. h3 c6 6. a4 a5 7. Be3 O-O 8. Qd2 Qc7
9. Rd1 Nbd7 10. Be2 b6 11. O-O Bb7 12. Rfe1 e5 13. dxe5 dxe5 14. Bc4 Rad8 15.
Qd6 Qxd6 16. Rxd6 Rc8 17. Red1 Rc7 18. g4 Bc8 19. Kg2 Ne8 20. R6d2 Bf6 21. Ba6
Bxa6 22. Rxd7 Rxd7 23. Rxd7 Bc8 24. Ra7 c5 25. Nd5 Bd8 26. Bh6 Ng7 27. Nxe5 {
Source: Bulletin 1983} 1-0

[Event "Benedictine International 6th"]
[Site "Manchester"]
[Date "1983.09.14"]
[Round "8"]
[White "Kudrin, Sergey"]
[Black "Gutman, Lev"]
[Result "0-1"]
[WhiteElo "2510"]
[BlackElo "2440"]
[PlyCount "78"]
[EventDate "1983.09.07"]
[EventType "swiss"]
[EventRounds "9"]
[EventCountry "ENG"]
[SourceTitle "BritBase"]
[Source "John Saunders"]
[SourceDate "2020.09.07"]
[SourceVersion "1"]
[SourceVersionDate "2020.09.07"]
[SourceQuality "2"]

1. e4 c5 2. Nf3 d6 3. d4 cxd4 4. Nxd4 Nf6 5. Nc3 a6 6. Be2 e5 7. Nb3 Be7 8. O-O
O-O 9. Be3 Be6 10. f4 exf4 11. Rxf4 Nc6 12. Nd5 Bxd5 13. exd5 Ne5 14. Rb4 Qc7
15. a4 Ne8 16. Bb6 Qd7 17. Na5 Rc8 18. c3 Bg5 19. Bf2 Rc7 20. Qb3 Nf6 21. Rxb7
Ne4 22. Rxc7 Qxc7 23. Bb6 Qe7 24. Bd4 Bf4 25. c4 Bxh2+ 26. Kxh2 Qh4+ 27. Kg1
Ng3 28. Bxe5 dxe5 29. Qe3 f5 30. Rf1 e4 31. Kf2 f4 32. Qb6 f3 33. Qe6+ Kh8 34.
Ke3 Qf4+ 35. Kd4 Nxe2+ 36. Kc5 Qe3+ 37. Kb4 Rb8+ 38. Nb7 Rxb7+ 39. Ka5 Qc5+ {
Source: Bulletin 1983} 0-1

[Event "Benedictine International 6th"]
[Site "Manchester"]
[Date "1983.09.14"]
[Round "8"]
[White "Murey, Jacob"]
[Black "Condie, Mark L"]
[Result "0-1"]
[WhiteElo "2485"]
[BlackElo "2340"]
[PlyCount "76"]
[EventDate "1983.09.07"]
[EventType "swiss"]
[EventRounds "9"]
[EventCountry "ENG"]
[SourceTitle "BritBase"]
[Source "John Saunders"]
[SourceDate "2020.09.07"]
[SourceVersion "1"]
[SourceVersionDate "2020.09.07"]
[SourceQuality "2"]

1. e4 c5 2. Nf3 e6 3. d4 cxd4 4. Nxd4 Nf6 5. Nc3 d6 6. Be2 Be7 7. O-O a6 8. f4
Qc7 9. Kh1 O-O 10. Bd3 Nbd7 11. a4 b6 12. Qf3 Bb7 13. Bd2 Nc5 14. Rae1 d5 15.
e5 Nfe4 16. Bxe4 Nxe4 17. Nxe4 dxe4 18. Qg3 Bc5 19. Bc3 Bxd4 20. Bxd4 Qxc2 21.
f5 exf5 22. e6 f6 23. Be3 Rae8 24. Rc1 Qe2 25. Rfd1 Bc8 26. Rd2 Qg4 27. Qc7
Bxe6 28. h3 Qh4 29. Qxb6 f4 30. Bc5 e3 31. Rdc2 Rf7 32. Qxa6 f3 33. Qc6 fxg2+
34. Rxg2 Bd7 35. Qf3 Qxa4 36. Bxe3 Bc8 37. Kg1 Bb7 38. Rg4 Qb3 {Source:
Bulletin 1983} 0-1

[Event "Benedictine International 6th"]
[Site "Manchester"]
[Date "1983.09.14"]
[Round "8"]
[White "Nasir Ali, Syed"]
[Black "Bjerring, Kai"]
[Result "1-0"]
[WhiteElo "2345"]
[BlackElo "2310"]
[PlyCount "58"]
[EventDate "1983.09.07"]
[EventType "swiss"]
[EventRounds "9"]
[EventCountry "ENG"]
[SourceTitle "BritBase"]
[Source "John Saunders"]
[SourceDate "2020.09.07"]
[SourceVersion "1"]
[SourceVersionDate "2020.09.07"]
[SourceQuality "2"]

1. d4 Nf6 2. c4 c5 3. dxc5 e6 4. Nc3 Bxc5 5. a3 O-O 6. Bf4 d5 7. e3 b6 8. Nf3
Bb7 9. Qc2 Nbd7 10. Bd3 Rc8 11. cxd5 exd5 12. Rd1 d4 13. exd4 Re8+ 14. Kf1 Bf8
15. Ne5 g6 16. h4 Nd5 17. Bg5 Be7 18. Bb5 Nxe5 19. dxe5 Bxg5 20. Bxe8 Qxe8 21.
hxg5 Nf4 22. Rh2 Qxe5 23. Qa4 Nd3 24. Qh4 h5 25. gxh6 Kh7 26. Rxd3 Ba6 27. Rhh3
Re8 28. Kg1 Qe1+ 29. Kh2 Bxd3 {Source: Bulletin 1983} 1-0

[Event "Benedictine International 6th"]
[Site "Manchester"]
[Date "1983.09.14"]
[Round "8"]
[White "Plaskett, H James"]
[Black "Short, Nigel D"]
[Result "1-0"]
[WhiteElo "2425"]
[BlackElo "2475"]
[PlyCount "61"]
[EventDate "1983.09.07"]
[EventType "swiss"]
[EventRounds "9"]
[EventCountry "ENG"]
[SourceTitle "BritBase"]
[Source "John Saunders"]
[SourceDate "2020.09.07"]
[SourceVersion "1"]
[SourceVersionDate "2020.09.07"]
[SourceQuality "2"]

1. Nf3 Nf6 2. d4 e6 3. Bg5 h6 4. Bxf6 Qxf6 5. e4 d6 6. c3 g6 7. Nbd2 Bg7 8. Bd3
e5 9. Nc4 exd4 10. Nxd4 O-O 11. O-O Nc6 12. Nxc6 bxc6 13. f4 Rb8 14. Qc2 Ba6
15. Rae1 Rfd8 16. Rf2 Qe6 17. Na5 Bxd3 18. Qxd3 d5 19. Nb3 dxe4 20. Qxe4 Qxe4
21. Rxe4 Bf6 22. Rfe2 Kg7 23. g3 h5 24. h4 a6 25. Kf2 Kf8 26. Rc4 Rb6 27. Nc5
Be7 28. Na4 Rb5 29. Rxc6 Ra5 30. Rxc7 Bxh4 31. Nc5 {Source: Bulletin 1983} 1-0

[Event "Benedictine International 6th"]
[Site "Manchester"]
[Date "1983.09.14"]
[Round "8"]
[White "Tangborn, Eric"]
[Black "Kraidman, Yair"]
[Result "0-1"]
[WhiteElo "2290"]
[BlackElo "2410"]
[PlyCount "82"]
[EventDate "1983.09.07"]
[EventType "swiss"]
[EventRounds "9"]
[EventCountry "ENG"]
[SourceTitle "BritBase"]
[Source "John Saunders"]
[SourceDate "2020.09.07"]
[SourceVersion "1"]
[SourceVersionDate "2020.09.07"]
[SourceQuality "2"]

1. c4 Nf6 2. Nc3 g6 3. e4 d6 4. d4 Bg7 5. Be2 O-O 6. Bg5 c5 7. dxc5 Qa5 8. Bd2
Qxc5 9. Nf3 Bg4 10. Be3 Qc8 11. Rc1 Nc6 12. b3 Qe6 13. h3 Bxf3 14. Bxf3 Rfc8
15. O-O Ne5 16. Re1 Nxf3+ 17. Qxf3 Rc6 18. Bg5 Qe5 19. Qe3 e6 20. Bh6 Bxh6 21.
Qxh6 a6 22. Qd2 b5 23. cxb5 axb5 24. Nd5 Rxc1 25. Nxf6+ Kg7 26. Rxc1 Kxf6 27.
f3 h5 28. h4 Kg7 29. Rc2 Ra6 30. Qe2 Ra8 31. Qd2 d5 32. exd5 exd5 33. Rc5 Qa1+
34. Kh2 Rxa2 35. Qxd5 Qf1 36. Qe5+ Kh7 37. Qg3 Ra1 38. Qf4 Qg1+ 39. Kh3 Qxc5
40. Qxf7+ Kh6 41. Qf6 Qf5+ {Source: Bulletin 1983} 0-1

[Event "Benedictine International 6th"]
[Site "Manchester"]
[Date "1983.09.14"]
[Round "8"]
[White "Tarjan, James Edward"]
[Black "Bass, Leonid"]
[Result "1-0"]
[WhiteElo "2535"]
[BlackElo "2460"]
[PlyCount "77"]
[EventDate "1983.09.07"]
[EventType "swiss"]
[EventRounds "9"]
[EventCountry "ENG"]
[SourceTitle "BritBase"]
[Source "John Saunders"]
[SourceDate "2020.09.07"]
[SourceVersion "1"]
[SourceVersionDate "2020.09.07"]
[SourceQuality "2"]

1. e4 c5 2. Nf3 d6 3. d4 cxd4 4. Nxd4 Nc6 5. Nc3 e6 6. Be2 Be7 7. O-O Nf6 8.
Be3 O-O 9. f4 a6 10. Qe1 Qc7 11. Qg3 Nxd4 12. Bxd4 b5 13. Kh1 Bb7 14. a3 Rad8
15. Rae1 Bc6 16. Bd3 g6 17. f5 e5 18. Be3 Rb8 19. Bh6 Rfc8 20. Qh4 Rf8 21. Rf3
Qd8 22. Ref1 Nxe4 23. f6 Nxf6 24. Rxf6 Bxf6 25. Rxf6 Re8 26. Bg5 Qc8 27. Nd1 e4
28. Be2 e3 29. Qg3 Re6 30. Nxe3 Rxf6 31. Bxf6 Qe6 32. Bd4 f5 33. c3 Rf8 34. Qf4
Qe4 35. Qxd6 f4 36. Bg4 Re8 37. Qf6 Re7 38. Qh8+ Kf7 39. Qg7+ {Source:
Bulletin 1983} 1-0